|
|
|
|
| LEADER |
00000naa2a2200000 4500 |
| 001 |
238963 |
| 005 |
20260203144939.0 |
| 035 |
|
|
|a (RuTPU)RU\TPU\book\260174
|
| 035 |
|
|
|a RU\TPU\book\259998
|
| 090 |
|
|
|a 238963
|
| 100 |
|
|
|a 20130603d2012 k y0rusy50 ba
|
| 101 |
0 |
|
|a eng
|
| 102 |
|
|
|a RU
|
| 135 |
|
|
|a drcn ---uucaa
|
| 200 |
1 |
|
|a Visualization of multidimensional medical data
|f I. A. Osadchaya
|d Визуализация многомерных медицинских данных
|g sci. adv. O. G. Berestneva
|
| 203 |
|
|
|a Text
|c electronic
|
| 215 |
|
|
|a 1 файл(387 Кб)
|
| 225 |
1 |
|
|a Математика
|
| 300 |
|
|
|a Заглавие с экрана
|
| 320 |
|
|
|a [Библиогр.: с. 627 (7 назв.)]
|
| 330 |
|
|
|a При анализе данных исследователь довольно часто сталкивается с многомерностью их описания. Методы многомерного анализа - наиболее действенный количественный инструмент исследования процессов, описываемых большим числом характеристик. В данной работе рассмотрены методы структурного анализа многомерных данных (кластерный анализ и методы визуализации) в медицине.
|
| 337 |
|
|
|a Adobe Reader
|
| 463 |
|
1 |
|0 (RuTPU)RU\TPU\book\256864
|t Перспективы развития фундаментальных наук
|l Prospects of fundamental sciences development
|o сборник научных трудов IX Международной конференция студентов и молодых ученых, г. Томск, 24-27 апреля 2012 г.
|f Национальный исследовательский Томский политехнический университет (ТПУ) ; ред. коллегия Е. А. Вайтулевич ; Г. А. Лямина ; Г. А. Воронова ; М. П. Никитич ; А. М. Лидер ; Ю. Р. Цой ; М. Е. Семенов
|v [С. 625-627]
|d 2012
|
| 510 |
1 |
|
|a Визуализация многомерных медицинских данных
|z rus
|
| 610 |
1 |
|
|a электронный ресурс
|
| 610 |
1 |
|
|a труды учёных ТПУ
|
| 610 |
1 |
|
|a визуализация
|
| 610 |
1 |
|
|a многомерные данные
|
| 610 |
1 |
|
|a медицинские данные
|
| 700 |
|
1 |
|a Osadchaya
|b I. A.
|
| 702 |
|
1 |
|a Berestneva
|b O. G.
|c specialist in the field of informatics and computer technology
|c Professor of Tomsk Polytechnic University, Doctor of technical sciences
|f 1953-
|g Olga Grigorievna
|4 727
|
| 801 |
|
1 |
|a RU
|b 63413507
|c 20101016
|
| 801 |
|
2 |
|a RU
|b 63413507
|c 20131017
|g RCR
|
| 856 |
4 |
|
|u http://www.lib.tpu.ru/fulltext/c/2012/C21/210.pdf
|
| 942 |
|
|
|c CF
|